[Event "Mechanics' Fall TNM; G/2"]
[Site "San Francisco"]
[Date "2016.11.08"]
[Round "4.20"]
[White "Campers Jr, Willie"]
[Black "Malykin, Erika"]
[Result "1-0"]
[WhiteElo "1751"]
[BlackElo "1599"]
[PlyCount "81"]
[EventDate "2016.??.??"]

1. e4 e6 2. d4 c5 3. Nf3 cxd4 4. c3 Nf6 5. Bg5 Be7 6. Bd3 dxc3 7. Nxc3 Qa5 8.
O-O Nc6 9. Nb5 Nxe4 10. Bxe7 Kxe7 11. Qe2 Nc5 12. Bc4 a6 13. Nc3 b5 14. Bb3 Re8
15. Bc2 h6 16. a3 Na4 17. Nxa4 bxa4 18. Rfd1 Kf8 19. Qd3 g6 20. Qd6+ Kg7 21.
Rac1 Ra7 22. Be4 Qc7 23. Qd2 Qa5 24. Qe3 Rc7 25. Rc5 Qb6 26. Qc3+ f6 27. Rd6
Bb7 28. h4 e5 29. h5 Re6 30. Rd2 d6 31. Rc4 f5 32. Bd5 Ree7 33. Rc2 Nd4 34.
Rxc7 Ne2+ 35. Rxe2 Rxc7 36. Qd2 Bxd5 37. Qxd5 Rc5 38. Qe6 Rc1+ 39. Kh2 gxh5 40.
Nxe5 Rc7 41. Qg6+ 1-0

[Event "Mechanics' Winter TNM; G/2"]
[Site "San Francisco"]
[Date "2016.01.26"]
[Round "4.10"]
[White "Campers Jr, Willie"]
[Black "Maser, Thomas F"]
[Result "1-0"]
[WhiteElo "1669"]
[BlackElo "1944"]
[PlyCount "77"]
[EventDate "2016.??.??"]

1. e4 e5 2. Nf3 Nc6 3. Bb5 a6 4. Ba4 d6 5. c3 Bd7 6. O-O Nf6 7. Bc2 g6 8. d4
Bg7 9. d5 Ne7 10. h3 O-O 11. Be3 Qe8 12. Qc1 Nh5 13. Nbd2 f5 14. exf5 gxf5 15.
Nb3 Nxd5 16. Bh6 Ndf4 17. Bxf4 Nxf4 18. Qd2 Qg6 19. Nh4 Qg5 20. g3 Rf6 21. Kh2
Nxh3 22. Qd5+ Be6 23. Qxb7 Raf8 24. Kxh3 f4+ 25. Kg2 Qg4 26. Qe4 Qh3+ 27. Kg1
Rh6 28. Qg2 Qg4 29. Bd1 Qg5 30. Nd2 fxg3 31. Ndf3 gxf2+ 32. Rxf2 Qe3 33. Qg5
Rxf3 34. Qxe3 Rxe3 35. Ng2 Rg6 36. Bc2 Rg5 37. Bb3 d5 38. Kf1 c6 $4 39. Nxe3
1-0

[Event "Mechanics' Alan Benson TNM; G/2"]
[Site "San Francisco"]
[Date "2016.09.20"]
[Round "8.13"]
[White "Campers Jr, Willie"]
[Black "Melville, Cailen"]
[Result "1-0"]
[WhiteElo "1751"]
[BlackElo "1985"]
[Annotator "Donaldson"]
[PlyCount "81"]
[EventDate "2016.??.??"]

1. e4 e6 2. d4 d5 3. e5 c5 4. c3 Qb6 5. Nf3 Nc6 6. Na3 Bd7 7. Nc2 cxd4 8. Ncxd4
Nge7 9. Bd3 Ng6 10. Qe2 Qc7 11. Nxc6 bxc6 12. h4 Ne7 13. Bf4 c5 14. Rc1 h6 15.
h5 Nc6 16. O-O Rb8 17. a3 Na5 18. b4 Nb3 19. Rb1 Ba4 20. Bc2 Bb5 21. Bd3 Bxd3
22. Qxd3 c4 23. Qe3 Be7 24. a4 a5 25. b5 Nc5 26. Ra1 Ne4 27. Nd4 Qb6 28. f3 Nc5
29. Kh2 Nd3 30. Qd2 Nxf4 31. Qxf4 Bg5 32. Qg3 O-O 33. f4 Be7 34. f5 exf5 35.
Rxf5 (35. Nxf5 Bg5) 35... f6 36. Kh1 (36. Nc6) 36... fxe5 37. Qxe5 Rxf5 38.
Nxf5 Bf6 39. Qxd5+ Kh7 40. Qxc4 Qf2 41. Qd3 1-0

[Event "Mechanics' Fall TNM; G/2"]
[Site "San Francisco"]
[Date "2016.10.25"]
[Round "2.26"]
[White "Campers Jr, Willie"]
[Black "Otterbach, Renate"]
[Result "1-0"]
[WhiteElo "1751"]
[BlackElo "991"]
[PlyCount "57"]
[EventDate "2016.??.??"]

1. e4 e6 2. d4 d5 3. e5 Ne7 4. Bd3 c5 5. c3 cxd4 6. cxd4 Nec6 7. Nf3 Be7 8. Nc3
b6 9. O-O Nd7 10. Qa4 Bb7 11. Be3 O-O 12. Rac1 a6 13. a3 Re8 14. h3 Nf8 15. b4
b5 16. Qc2 f5 17. Ne2 Ng6 18. Qd2 Rc8 19. Bg5 Qd7 20. h4 Kf7 21. h5 Rh8 22.
hxg6+ hxg6 23. Bxe7 Kxe7 24. Qg5+ Kf7 25. Rc5 Rh5 26. Qe3 Rch8 27. Ng3 R5h6 28.
Ng5+ Ke8 29. Rfc1 1-0

[Event "Mechanics' Fall TNM; G/2"]
[Site "San Francisco"]
[Date "2016.11.29"]
[Round "7.16"]
[White "Campers Jr, Willie"]
[Black "Reichwein, Axel"]
[Result "1/2-1/2"]
[WhiteElo "1751"]
[BlackElo "1937"]
[Annotator "Donaldson"]
[PlyCount "106"]
[EventDate "2016.??.??"]

1. e4 c5 2. Nf3 d6 3. d4 cxd4 4. Nxd4 Nf6 5. Be2 Nxe4 6. O-O g6 7. Be3 Bg7 8.
c3 O-O 9. Nd2 Nxd2 10. Qxd2 Nc6 11. h4 h5 12. Rfe1 Bd7 13. Rad1 Rc8 14. Bg5 Re8
15. Nc2 Be6 16. a3 Qb6 17. Ne3 Ne5 18. Kh1 Nc4 19. Nxc4 Bxc4 20. Bxc4 Rxc4 21.
Rxe7 Rxe7 22. Bxe7 Be5 23. Bg5 Rc6 24. Be3 Qd8 25. g3 a6 26. Qd5 Qc8 27. Kg2
Qg4 28. Rd3 Qe6 29. Ba7 Qxd5+ 30. Rxd5 Kf8 31. Bd4 Bxd4 32. Rxd4 Rb6 33. b4 Ke7
34. Kf3 Rb5 35. Ke3 Re5+ 36. Kd3 Re1 37. Re4+ Rxe4 38. Kxe4 Ke6 39. c4 Kd7 40.
Kd5 Kc7 41. a4 Kd7 42. b5 Kc7 43. f3 Kd7 44. a5 Kc7 45. g4 Kd7 46. b6 f5 {
Diagram [#]} 47. g5 $2 (47. gxh5 gxh5 48. c5 dxc5 49. Kxc5 Ke6 50. f4 {wins.})
47... Ke7 48. f4 Kd7 49. c5 dxc5 50. Kxc5 Ke6 51. Kd4 Kd6 52. Kc4 Kc6 53. Kd4
Kd6 1/2-1/2

[Event "Mechanics' Spring TNM; G/2"]
[Site "San Francisco"]
[Date "2016.04.05"]
[Round "4.15"]
[White "Campers Jr, Willie"]
[Black "Sarafian, Greg M"]
[Result "0-1"]
[WhiteElo "1673"]
[BlackElo "1946"]
[Annotator "Donaldson"]
[PlyCount "50"]
[EventDate "2016.??.??"]

1. e4 c5 2. Nf3 e6 3. d4 cxd4 4. Nxd4 Nf6 5. Nc3 Bb4 6. Bd3 $2 (6. e5 {
has to be played. Anything else gives Black a very easy game.}) 6... d6 7. Bd2
Nbd7 8. a3 Bxc3 9. Bxc3 O-O 10. f3 Nc5 11. Be2 Na4 12. Bd2 Nxb2 13. Qb1 Na4 14.
O-O a6 15. Rd1 b5 16. Kh1 Qc7 17. Qb4 d5 18. Bd3 dxe4 19. fxe4 Ng4 20. Nf3 Nf2+
21. Kg1 Qb6 22. Qd4 Nxd1 23. Rxd1 Bb7 24. c3 Qxd4+ 25. cxd4 Nb2 0-1

[Event "Mechanics' Winter TNM; G/2"]
[Site "San Francisco"]
[Date "2016.01.12"]
[Round "2.29"]
[White "Campers Jr, Willie"]
[Black "Snead, Tallulah McCarty"]
[Result "1-0"]
[WhiteElo "1669"]
[BlackElo "160"]
[PlyCount "35"]
[EventDate "2016.??.??"]

1. e4 e5 2. Nf3 Nc6 3. Bb5 a6 4. Ba4 Nf6 5. d3 Bb4+ 6. c3 Be7 7. O-O O-O 8. h3
Bd6 9. Qe2 b5 10. Bb3 Qe8 11. Bg5 Na5 12. Bc2 h6 13. Bxf6 gxf6 14. Nbd2 Bb7 15.
Nh4 b4 16. Nf5 Qe6 17. Qg4+ Kh8 18. Qg7# 1-0

[Event "Mechanics' Winter TNM; G/2"]
[Site "San Francisco"]
[Date "2016.02.09"]
[Round "6.8"]
[White "Campers Jr, Willie"]
[Black "Walder, Michael S"]
[Result "0-1"]
[WhiteElo "1669"]
[BlackElo "2123"]
[Annotator "Donaldson"]
[PlyCount "108"]
[EventDate "2016.??.??"]

1. e4 Nf6 2. e5 Nd5 3. d4 d6 4. Nf3 g6 5. Bc4 Nb6 6. Bb3 Bg7 7. Qe2 O-O 8. Nc3
Nc6 9. Bf4 Bg4 10. Rd1 Qc8 11. h3 Bxf3 12. Qxf3 dxe5 13. dxe5 Nxe5 14. Qe2 Qf5
15. Bg3 c6 16. O-O Rfe8 17. Rfe1 Ned7 18. Rd3 Nf6 19. Be5 Rad8 20. Rf3 Qd7 21.
Ne4 Nbd5 22. c4 Nxe4 23. Qxe4 Bxe5 24. cxd5 Bf6 25. dxc6 Qxc6 26. Qe2 Rd6 27.
g4 Red8 28. Rf4 (28. g5 Rd2) 28... Rd2 29. Qc4 Qxc4 30. Rxc4 e6 31. Re3 Bxb2
32. Rc7 R8d7 33. Rc8+ Kg7 34. Rf3 a6 35. Ra8 R2d3 36. Kg2 Rxf3 37. Kxf3 Bd4 38.
Ba4 Rc7 39. Rd8 e5 40. Bb3 h6 41. h4 b5 42. Ke2 a5 43. f4 a4 44. Bd1 Rc3 45.
fxe5 Bxe5 46. Rd5 Bg3 47. h5 Ra3 48. Rxb5 Rxa2+ 49. Kd3 gxh5 50. gxh5 a3 51.
Ra5 Bd6 52. Ra7 Bc5 53. Ra5 Bb4 54. Rd5 Rd2+ 0-1

[Event "Mechanics' Alan Benson TNM; G/2"]
[Site "San Francisco"]
[Date "2016.08.23"]
[Round "4.27"]
[White "Campers Jr, Willie"]
[Black "Yanofsky, Kevin"]
[Result "1-0"]
[WhiteElo "1751"]
[BlackElo "1415"]
[PlyCount "77"]
[EventDate "2016.??.??"]

1. e4 c5 2. Nf3 g6 3. d4 cxd4 4. Nxd4 Nc6 5. Be3 Nf6 6. f3 Bg7 7. Qd2 O-O 8.
Nc3 d5 9. exd5 Nxd5 10. Nxd5 Qxd5 11. c3 Nxd4 12. Bxd4 Bxd4 13. Qxd4 Qxd4 14.
cxd4 Rd8 15. Rd1 Be6 16. b3 Rd6 17. Ke2 Rc8 18. Ke3 Rc2 19. g4 Rxa2 20. Bc4
Bxc4 21. bxc4 Re6+ 22. Kf4 Ree2 23. h4 Rac2 24. c5 f6 25. g5 Kf7 26. h5 Ke6 27.
d5+ Kd7 28. gxf6 exf6 29. hxg6 hxg6 30. Rh7+ Kc8 31. d6 Rcd2 32. Rdh1 Re5 33.
Rc7+ Kd8 34. Rhh7 Rd4+ 35. Kg3 Rc4 36. Rxb7 Rexc5 37. d7 Rg5+ 38. Kf2 Rc2+ 39.
Ke3 1-0

[Event "Mechanics' Winter TNM; G/2"]
[Site "San Francisco"]
[Date "2016.01.05"]
[Round "1.28"]
[White "Capdeville, Barry"]
[Black "Babayan, Gagik"]
[Result "0-1"]
[WhiteElo "1273"]
[BlackElo "1833"]
[Annotator "Donaldson"]
[PlyCount "72"]
[EventDate "2016.??.??"]

1. e4 e5 2. Nf3 Nc6 3. Bb5 a6 4. Ba4 Nf6 5. O-O Be7 6. c3 b5 7. Bc2 d6 8. h3
O-O 9. d4 Re8 10. Re1 h6 11. Nbd2 Bf8 12. Nf1 Qe7 13. d5 Nb8 14. Ng3 g6 15. Nh2
Bg7 16. f4 Nbd7 17. f5 Kh7 18. Be3 Bb7 19. b3 c5 20. Qd2 a5 21. Rf1 Nb6 22. Rf2
Rf8 23. Raf1 Bc8 {Diagram #} 24. Bd1 (24. Ng4 $1 {was the logical culmination
of White's play and Black would be in serious trouble.} Nxg4 25. hxg4 Nd7 (
25... g5 26. f6) 26. g5 {looks crushing.}) 24... a4 25. Be2 axb3 26. axb3 Bd7
27. Nf3 Ra3 28. Bd1 gxf5 29. exf5 $2 Nbxd5 30. Re1 Nxe3 31. Rxe3 Bc6 32. Nh5
Nxh5 33. Nxe5 Bxe5 34. Bxh5 Ra1+ 35. Bd1 Qg5 36. f6 Rxd1+ 0-1

[Event "Mechanics' Summer TNM; G/2"]
[Site "San Francisco"]
[Date "2016.06.07"]
[Round "3.46"]
[White "Capdeville, Barry"]
[Black "Bayaraa, Bilguun"]
[Result "1-0"]
[WhiteElo "1248"]
[BlackElo "721"]
[PlyCount "49"]
[EventDate "2016.??.??"]

1. e4 e5 2. Nf3 Nc6 3. Bb5 d6 4. h3 Nf6 5. d3 a6 6. Ba4 b5 7. Bb3 Bb7 8. a3 g6
9. c3 d5 10. Ng5 Bg7 11. Be3 Qd7 12. Qc2 O-O 13. Nd2 a5 14. d4 a4 15. Ba2 h6
16. Ngf3 Rfe8 17. b4 Rad8 18. O-O-O Bc8 19. g4 Qd6 20. g5 Nd7 21. gxh6 Bf6 22.
exd5 Na7 23. Rdg1 Kf8 24. Ne4 c5 25. Nxd6 1-0

[Event "Mechanics' Spring TNM; G/2"]
[Site "San Francisco"]
[Date "2016.04.12"]
[Round "5.31"]
[White "Capdeville, Barry"]
[Black "Campers Jr, Willie"]
[Result "0-1"]
[WhiteElo "1273"]
[BlackElo "1673"]
[PlyCount "44"]
[EventDate "2016.??.??"]

1. e4 e6 2. d4 d5 3. Nd2 Be7 4. e5 Nh6 5. Ndf3 Nf5 6. Bd3 b6 7. c3 O-O 8. Ne2
c5 9. O-O Ba6 10. Bc2 Nc6 11. Be3 cxd4 12. cxd4 Nxe3 13. fxe3 f6 14. Nf4 Qd7
15. Ng5 fxg5 16. Bxh7+ Kxh7 17. Qh5+ Kg8 18. Ng6 Rxf1+ 19. Rxf1 Bxf1 20. Qh8+
Kf7 21. Qh5 Be2 22. Nf4+ Bxh5 0-1

[Event "Mechanics' Alan Benson TNM; G/2"]
[Site "San Francisco"]
[Date "2016.09.13"]
[Round "7.33"]
[White "Capdeville, Barry"]
[Black "Casares Jr, Nick"]
[Result "0-1"]
[WhiteElo "1224"]
[BlackElo "1617"]
[PlyCount "68"]
[EventDate "2016.??.??"]

1. e4 e5 2. Nf3 Nc6 3. Bb5 a6 4. Ba4 Nf6 5. d3 b5 6. Bb3 Be7 7. a3 O-O 8. O-O
d5 9. exd5 Nxd5 10. Bxd5 Qxd5 11. Nc3 Qd8 12. h3 f5 13. Re1 Bd6 14. Bg5 Qe8 15.
Nd5 Qg6 16. Nxe5 Nxe5 17. Rxe5 Qxg5 18. f4 Qh4 19. Qe1 Qxe1+ 20. Rexe1 Bb7 21.
Ne7+ Kh8 22. c4 Rae8 23. Nd5 Bxd5 24. Rxe8 Rxe8 25. cxd5 Re2 26. Kf1 Re3 27.
Re1 Bxf4 28. Rxe3 Bxe3 29. b3 g5 30. a4 Kg7 31. Ke2 f4 32. Kf3 Kf6 33. g4 Ke5
34. Ke2 Kd4 0-1

[Event "Mechanics' Alan Benson TNM; G/2"]
[Site "San Francisco"]
[Date "2016.08.02"]
[Round "1.24"]
[White "Capdeville, Barry"]
[Black "Chen, Mingson"]
[Result "1/2-1/2"]
[WhiteElo "1224"]
[BlackElo "1903"]
[Annotator "Donaldson"]
[PlyCount "87"]
[EventDate "2016.??.??"]

1. e4 e5 2. Nf3 Nc6 3. Bb5 a6 4. Ba4 d6 5. h3 Nf6 6. d3 Be7 7. a3 O-O 8. O-O b5
9. Bb3 Be6 10. Nbd2 Qd7 11. Ng5 Bxb3 12. Nxb3 d5 13. Qe2 Rad8 14. Be3 d4 15.
Bd2 h6 16. Nf3 Qe6 17. Nh4 Nd7 18. Nf5 Bf6 19. Qf3 Ne7 20. Bb4 Rfe8 21. Bxe7
Bxe7 22. Nc1 Nf8 23. Ne2 Kh7 24. Neg3 g6 25. Nxe7 Rxe7 26. Rae1 Nd7 27. Qd1 h5
(27... c5 $11) 28. f4 exf4 29. Rxf4 Qd6 {Diagram [#]} (29... Qe5 $11) 30. Nxh5
$1 Qe5 $1 (30... gxh5 31. Qxh5+ Qh6 32. Rxf7+ Rxf7 33. Qxf7+ Kh8 34. Qd5 $16)
31. Ref1 gxh5 $4 (31... Qxh5 32. Rxf7+ Rxf7 33. Rxf7+ Kg8 34. Qxh5 gxh5 35. Rf5
$11) 32. Rf5 Qe6 33. Qxh5+ Kg7 34. Rg5+ Qg6 35. Rxg6+ (35. Rxf7+ $1) 35... fxg6
36. Qh4 Rde8 37. Qf4 c5 38. Qd6 Kh6 39. Qxa6 Re6 40. Qxb5 R8e7 41. Qa5 Re8 42.
Qd2+ Kg7 43. Rf4 R8e7 44. Rh4 {White is winning but was low on time.} 1/2-1/2

[Event "Mechanics' Summer TNM; G/2"]
[Site "San Francisco"]
[Date "2016.06.14"]
[Round "4.34"]
[White "Capdeville, Barry"]
[Black "Cohee, James"]
[Result "0-1"]
[WhiteElo "1248"]
[BlackElo "1721"]
[PlyCount "34"]
[EventDate "2016.??.??"]

1. e4 c5 2. Nf3 e6 3. d4 cxd4 4. Nxd4 Nc6 5. Be3 Qc7 6. Nc3 a6 7. Be2 Nf6 8.
Qd2 Be7 9. O-O O-O 10. Bg5 d6 11. Nxc6 bxc6 12. f4 h6 13. Bh4 Bb7 14. Bxf6 Bxf6
15. Na4 Rfd8 16. Qe3 c5 17. c4 Bd4 0-1

[Event "Mechanics' Spring TNM; G/2"]
[Site "San Francisco"]
[Date "2016.05.03"]
[Round "8.37"]
[White "Capdeville, Barry"]
[Black "Dupree, Charles"]
[Result "0-1"]
[WhiteElo "1273"]
[BlackElo "1630"]
[Annotator "Donaldson"]
[PlyCount "60"]
[EventDate "2016.??.??"]

1. e4 c5 2. Nf3 e6 3. d4 cxd4 4. Nxd4 a6 5. Nc3 Qc7 6. Be2 Nf6 7. O-O Bb4 8.
Bd2 (8. Qd3 {is the book move.}) 8... Bxc3 9. Bxc3 Nxe4 10. Bb4 {
White has compensation for the pawn.} d6 11. Bd3 (11. Bf3) 11... Nf6 12. c4 (
12. Qd2) 12... O-O 13. Rc1 Rd8 14. Bd2 $2 (14. c5) 14... e5 15. Nc2 Nc6 16. Bg5
Bg4 (16... Qe7) 17. f3 Be6 18. Bxf6 gxf6 19. f4 f5 $1 20. fxe5 Nxe5 $2 (20...
dxe5 $19) 21. Bxf5 Bxc4 {Diagram [#]} (21... Bxf5 22. Rxf5 Qxc4 $11) 22. Ne3 $2
(22. Nd4 $18 {(threat b3)} Qb6 23. Rxc4 $1 Nxc4 24. Qg4+ Kf8 25. Kh1 {
there is no defense against the threats of Bxh7 and Ne6+.}) 22... Qb6 23. Rxc4
Qxe3+ 24. Kh1 Nxc4 25. h3 Ne5 26. Qh5 h6 27. Bh7+ Kxh7 28. Qf5+ Kg8 29. Rf4
Rac8 30. Rh4 Qg3 0-1

[Event "Mechanics' Alan Benson TNM; G/2"]
[Site "San Francisco"]
[Date "2016.09.27"]
[Round "9.38"]
[White "Capdeville, Barry"]
[Black "Frank, Robert H"]
[Result "0-1"]
[WhiteElo "1224"]
[BlackElo "1293"]
[PlyCount "24"]
[EventDate "2016.??.??"]

1. e4 e5 2. Nf3 Nf6 3. Nxe5 d6 4. Nf3 Nxe4 5. d4 d5 6. Bd3 Bf5 7. Bf4 Bd6 8.
Bxd6 Qxd6 9. Ne5 O-O 10. f3 Qb4+ 11. c3 Qxb2 12. Na3 Qf2# 0-1

[Event "Mechanics' Fall TNM; G/2"]
[Site "San Francisco"]
[Date "2016.11.15"]
[Round "5.38"]
[White "Capdeville, Barry"]
[Black "McEnroe, Glenn Aus"]
[Result "0-1"]
[WhiteElo "1224"]
[BlackElo "1508"]
[Annotator "Donaldson"]
[PlyCount "66"]
[EventDate "2016.??.??"]

1. e4 e6 2. d4 d5 3. e5 c5 4. c3 Nc6 5. Nf3 Qb6 6. b3 $2 (6. a3) (6. Be2) (6.
Bd3) 6... cxd4 7. cxd4 Bd7 8. Be3 Nge7 9. Na3 $2 Qb4+ 10. Bd2 Qxa3 11. Bb5 Nf5
12. Bxc6 bxc6 13. O-O Bb4 14. Bc1 Qa5 15. g4 Ne7 16. a3 Bc3 17. Rb1 c5 18. dxc5
Qxc5 19. b4 Qc7 20. Be3 Bb5 21. Bc5 Bxf1 22. Kxf1 O-O 23. Rb3 Bxe5 24. Bxe7
Rfc8 25. Nxe5 Qxe5 26. Kg1 Rc3 27. Rxc3 Qxc3 28. a4 Rc8 29. Bc5 a5 30. Qb1 axb4
31. Bxb4 Qc1+ 32. Qxc1 Rxc1+ 33. Kg2 Rc4 0-1

[Event "Mechanics' Spring TNM; G/2"]
[Site "San Francisco"]
[Date "2016.04.19"]
[Round "6.39"]
[White "Capdeville, Barry"]
[Black "Nassif, Wassim"]
[Result "1/2-1/2"]
[WhiteElo "1273"]
[BlackElo "1187"]
[PlyCount "78"]
[EventDate "2016.??.??"]

1. e4 e5 2. Nf3 Nc6 3. Bb5 a6 4. Ba4 b5 5. Bb3 d6 6. h3 Nf6 7. d3 Be7 8. c3 O-O
9. O-O Bd7 10. Bg5 Qc8 11. Nh2 Be6 12. Bxe6 Qxe6 13. Nd2 Nd7 14. Ndf3 Bxg5 15.
Nxg5 Qh6 16. Ngf3 Ne7 17. Ng4 Qg6 18. Nh4 Qe6 19. f4 exf4 20. Rxf4 Ne5 21. Nxe5
Qxe5 22. Rf2 Qc5 23. b4 Qb6 24. Nf5 Nxf5 25. exf5 Rfe8 26. Qf3 Rad8 27. Kh2 c6
28. Re2 Qc7 29. Rxe8+ Rxe8 30. Qg3 f6 31. Re1 Rxe1 32. Qxe1 d5+ 33. Qg3 Qe5 34.
d4 Qxg3+ 35. Kxg3 g6 36. Kg4 Kg7 37. Kf4 g5+ 38. Kg4 h6 39. Kh5 Kh7 1/2-1/2

[Event "Mechanics' Spring TNM; G/2"]
[Site "San Francisco"]
[Date "2016.03.22"]
[Round "2.33"]
[White "Capdeville, Barry"]
[Black "Nelson, Christopher"]
[Result "0-1"]
[WhiteElo "1273"]
[BlackElo "1732"]
[PlyCount "64"]
[EventDate "2016.??.??"]

1. e4 e6 2. d4 d5 3. Nd2 Nf6 4. e5 Nfd7 5. Ne2 c5 6. c3 Be7 7. Nf3 O-O 8. Nf4
Nc6 9. Bd3 Re8 10. Qc2 Nf8 11. dxc5 Bxc5 12. b4 Bb6 13. b5 Ne7 14. Nd4 Neg6 15.
Nxg6 Nxg6 16. f4 f5 17. O-O Bd7 18. Kh1 Rc8 19. Be3 Qe7 20. Rae1 Qa3 21. Nb3
Bxe3 22. Rxe3 d4 23. Nxd4 Rxc3 24. Qd2 Rec8 25. Nc2 Qa4 26. Bxf5 Qxb5 27. Bd3
Qd5 28. Rd1 Ba4 29. Be4 Qxd2 30. Rxd2 Rxe3 31. Nxe3 Rc1+ 32. Nd1 Bxd1 0-1

[Event "Mechanics' Winter TNM; G/2"]
[Site "San Francisco"]
[Date "2016.01.19"]
[Round "3.47"]
[White "Capdeville, Barry"]
[Black "O'Brien, Maria"]
[Result "0-1"]
[WhiteElo "1273"]
[BlackElo "914"]
[Annotator "Donaldson"]
[PlyCount "83"]
[EventDate "2016.??.??"]

1. e4 e5 2. Nf3 Nc6 3. Bb5 Bd6 4. c3 Nf6 5. d3 a6 6. Ba4 b5 7. Bc2 O-O 8. b4
Re8 9. O-O a5 10. bxa5 Rxa5 11. Re1 Bc5 12. Bb2 d6 13. d4 exd4 14. cxd4 Bb6 15.
Bc3 Ra8 16. Nbd2 Bg4 17. Nf1 d5 18. h3 Bxf3 19. Qxf3 Nxd4 20. Bxd4 Bxd4 21.
Rad1 c5 22. exd5 Rxe1 23. Rxe1 Nxd5 (23... Rxa2 $19) 24. Be4 $2 {Diagram #} (
24. Ng3 Rxa2 $2 (24... Nc3 $17) 25. Qxd5 $1) 24... Rxa2 $1 25. Ne3 (25. Bxd5
Rxf2 $19) 25... Nxe3 26. fxe3 Be5 27. Bd5 Rd2 (27... Ra7) 28. Qxf7+ Kh8 29. Rf1
Bd6 30. Bc6 h6 (30... b4) 31. Bxb5 $11 Qg5 32. Qe8+ Kh7 33. Qe4+ Kh8 34. Bd3
Rxg2+ 35. Qxg2 Qxe3+ 36. Kh1 Qxd3 37. Rf7 Qd1+ 38. Rf1 Qd4 39. Qf3 Qe5 40. Rf2
c4 41. Re2 Qa1+ 42. Kg2 $11 {White lost on time.} 0-1

[Event "Mechanics' Summer TNM; G/2"]
[Site "San Francisco"]
[Date "2016.07.05"]
[Round "7.44"]
[White "Capdeville, Barry"]
[Black "Olson, David R"]
[Result "0-1"]
[WhiteElo "1248"]
[BlackElo "1400"]
[Annotator "Donaldson"]
[PlyCount "70"]
[EventDate "2016.??.??"]

1. e4 e5 2. Nf3 Nc6 3. Bb5 Nd4 4. Nxd4 exd4 5. d3 Bb4+ 6. c3 dxc3 7. bxc3 Ba5
8. Bc4 Ne7 $2 9. Qh5 $2 (9. Bxf7+ Kxf7 10. Qh5+ $16) 9... Bxc3+ $4 (9... d5 $1
10. exd5 O-O $11) 10. Nxc3 O-O 11. Bg5 c6 12. O-O Qa5 13. Qh4 $4 (13. Nd5 cxd5
14. Bxe7 $18) 13... Ng6 14. Qg3 Qxc3 15. f4 h6 16. Bh4 Kh8 17. Rac1 Qd4+ 18.
Kh1 d5 19. Bb3 dxe4 20. Bxf7 $4 Nxh4 21. Qxh4 Rxf7 $19 22. Qh5 Rf5 23. Qe8+ Kh7
24. dxe4 Rc5 25. Rcd1 Qc4 $2 (25... Bg4 $19) 26. f5 Qg8 $2 (26... Bxf5 27. Qxa8
Bxe4 $17) 27. Qg6+ Kh8 28. f6 $1 Be6 29. fxg7+ Qxg7 30. Qxe6 Re5 31. Qd6 Rxe4
32. Qd3 Rae8 33. Qh3 Re2 34. Qf3 Rxa2 35. Qf7 $2 Qxg2# 0-1

[Event "Mechanics' Fall TNM; G/2"]
[Site "San Francisco"]
[Date "2016.12.13"]
[Round "9.42"]
[White "Capdeville, Barry"]
[Black "Reed, Nicholas"]
[Result "1-0"]
[WhiteElo "1224"]
[BlackElo "586"]
[PlyCount "49"]
[EventDate "2016.??.??"]

1. e4 e5 2. Nf3 Nc6 3. Bb5 d6 4. h3 a6 5. Ba4 b5 6. Bb3 Nf6 7. d3 Bb7 8. a3 Nd4
9. Nxd4 exd4 10. O-O a5 11. Nd2 a4 12. Ba2 d5 13. e5 Nd7 14. e6 fxe6 15. Qh5+
g6 16. Qg4 Ra6 17. Qxd4 Bc5 18. Qxh8+ Ke7 19. Qxh7+ Ke8 20. Qxg6+ Ke7 21. Nf3
Qe8 22. Bg5+ Nf6 23. Bxf6+ Kd7 24. Ne5+ Kd6 25. Qxe8 1-0

[Event "Mechanics' Fall TNM; G/2"]
[Site "San Francisco"]
[Date "2016.10.18"]
[Round "1.28"]
[White "Capdeville, Barry"]
[Black "Sarafian, Greg M"]
[Result "0-1"]
[WhiteElo "1224"]
[BlackElo "1935"]
[PlyCount "78"]
[EventDate "2016.??.??"]

1. e4 c5 2. Nf3 e6 3. d4 cxd4 4. Nxd4 a6 5. Be2 Qc7 6. O-O Nf6 7. Bf3 Bc5 8.
Be3 d6 9. Nc3 Nbd7 10. Be2 b5 11. f4 b4 12. Nb1 Nxe4 13. Qd3 Bb7 14. Nd2 Ndf6
15. Bf3 Nxd2 16. Bxd2 Bxf3 17. Rxf3 e5 18. fxe5 dxe5 19. Kh1 exd4 20. Re1+ Kf8
21. Bf4 Qd7 22. Rg3 Nh5 23. Rf3 Nxf4 24. Rxf4 Re8 25. Ref1 Re7 26. h3 g6 27.
Qxa6 Qd6 28. Qc8+ Kg7 29. Rxf7+ Rxf7 30. Rxf7+ Kxf7 31. Qxh8 h5 32. Qh7+ Kf6
33. Qh8+ Kg5 34. Qc8 d3 35. h4+ Kxh4 36. Qh3+ Kg5 37. cxd3 Qf4 38. g3 Qc1+ 39.
Kh2 Qg1# 0-1

[Event "Mechanics' Alan Benson TNM; G/2"]
[Site "San Francisco"]
[Date "2016.08.16"]
[Round "3.34"]
[White "Capdeville, Barry"]
[Black "Simpkins, Jerry"]
[Result "0-1"]
[WhiteElo "1224"]
[BlackElo "1542"]
[Annotator "Donaldson"]
[PlyCount "66"]
[EventDate "2016.??.??"]

1. e4 e5 2. Nf3 f5 3. Nxe5 Qf6 4. d4 d6 5. Nd3 fxe4 6. Nf4 c6 7. Nc3 d5 8. Be2
Bd6 9. Nh5 Qe7 10. O-O g6 11. Nf4 Nf6 12. Be3 O-O 13. Qd2 Na6 14. Rae1 Nc7 15.
Bd1 Ng4 16. Bxg4 Bxg4 17. Nce2 Bxe2 18. Rxe2 g5 19. Nh5 Ne6 20. Ree1 Nf4 21.
Qd1 Qf7 22. Nxf4 gxf4 23. Qg4+ Kh8 24. Bc1 Rg8 25. Qd1 f3 26. g3 Qh5 27. Kh1
Qh3 28. Rg1 {Diagram [#]} Raf8 (28... Rg4 $1 $19 {
with Qxh2+ an unstoppable threat.}) 29. Bf4 Rxf4 (29... Bxf4 30. gxf4 Rg2 $1 {
was simpler.}) 30. gxf4 Rxg1+ (30... Rg2) 31. Rxg1 Bxf4 32. Rg3 Bxg3 33. fxg3
Qg2# 0-1

[Event "Mechanics' Fall TNM; G/2"]
[Site "San Francisco"]
[Date "2016.12.06"]
[Round "8.42"]
[White "Capdeville, Barry"]
[Black "Starr, Albert Mart"]
[Result "0-1"]
[WhiteElo "1224"]
[BlackElo "1511"]
[PlyCount "64"]
[EventDate "2016.??.??"]

1. e4 e5 2. Nf3 Nf6 3. Nxe5 d6 4. Nxf7 Kxf7 5. d4 Be7 6. Bc4+ Be6 7. Bxe6+ Kxe6
8. Qf3 g6 9. Qb3+ d5 10. Qxb7 Nbd7 11. Qc6+ Kf7 12. e5 Re8 13. e6+ Kg7 14. exd7
Qxd7 15. Qxd7 Nxd7 16. O-O Bf6 17. Be3 Rab8 18. b3 c5 19. c3 c4 20. Nd2 Nb6 21.
Rae1 Rec8 22. Rc1 a5 23. a4 Nd7 24. f4 cxb3 25. c4 dxc4 26. Nxc4 Rb4 27. Nb2
Rc2 28. Rb1 Bxd4 29. Bxd4+ Rxd4 30. Rfd1 Rxb2 31. Rxb2 Rxd1+ 32. Kf2 Nc5 0-1

[Event "Mechanics' Spring TNM; G/2"]
[Site "San Francisco"]
[Date "2016.04.19"]
[Round "6.37"]
[White "Casares Jr, Nick"]
[Black "Allen, Tom Carter"]
[Result "1-0"]
[WhiteElo "1604"]
[BlackElo "1486"]
[PlyCount "51"]
[EventDate "2016.??.??"]

1. e4 e5 2. Nf3 Nc6 3. Bc4 d5 4. Bxd5 Nge7 5. Bxf7+ Kxf7 6. Ng5+ Kg8 7. Qf3 Qe8
8. Qb3+ Nd5 9. Qxd5+ Be6 10. Qxe6+ Qxe6 11. Nxe6 Bd6 12. c3 Kf7 13. Ng5+ Ke7
14. O-O h6 15. Nf3 Raf8 16. Nh4 Rf6 17. Nf5+ Kf7 18. Nxd6+ cxd6 19. Na3 Rf8 20.
Nc2 a5 21. d4 exd4 22. Nxd4 Ne5 23. Rd1 Kg8 24. Be3 Ng4 25. Nf5 Ne5 26. f4 1-0

[Event "Mechanics' Winter TNM; G/2"]
[Site "San Francisco"]
[Date "2016.01.19"]
[Round "3.18"]
[White "Casares Jr, Nick"]
[Black "Anderson, Michael"]
[Result "0-1"]
[WhiteElo "1604"]
[BlackElo "1946"]
[PlyCount "34"]
[EventDate "2016.??.??"]

1. e4 c5 2. Nf3 e6 3. c4 Nc6 4. d4 cxd4 5. Nxd4 a6 6. Be3 Nf6 7. Nc3 Bb4 8. f3
Qa5 9. Qc2 O-O 10. Be2 d5 11. Nxc6 bxc6 12. e5 Nd7 13. f4 c5 14. Bf2 d4 15. O-O
dxc3 16. a3 cxb2 17. Qxb2 Bc3 0-1